[Event "Ch Udmurtia"]
[Site "masterchessopen.com Izhevsk (Russia)"]
[Date "2009.12.18"]
[Round "9"]
[White "Lykov Sergey (RUS)"]
[Black "Sakharov Lev (RUS)"]
[Result "1-0"]
[WhiteElo "2206"]
[BlackElo "2146"]

1.d4 Nf6 2.c4 e6 3.Nc3 Bb4 4.e3 c5 5.a3 Bxc3+ 6.bxc3 O-O 7.Bd3 Nc6 8.Ne2 d6
9.e4 e5 10.O-O Bg4 11.f3 Bh5 12.g4 Bg6 13.Rb1 b6 14.Bg5 h6 15.Bh4 Bh7 16.Qe1
g5 17.Bf2 Ne7 18.h4 Ng6 19.hxg5 hxg5 20.Qd2 Nf4 21.Nxf4 exf4 22.Rfe1 Re8
23.Rbd1 Qc7 24.Qc2 Rad8 25.a4 a5 26.Rb1 Rb8 27.Rb2 Nd7 28.Kg2 Kg7 29.Rbb1 Bg6
30.Rh1 Nf6 31.Rhe1 Qd7 32.e5 Nxg4 33.Bxg6 fxg6 34.fxg4 Qxg4+ 35.Kf1 dxe5
36.Rxe5 Rxe5 37.dxe5 Rd8 38.Qe4 Qh3+ 39.Ke2 g4 40.Rg1 Qxc3 41.Rxg4 Qd2+ 42.Kf3
Qd3+ 43.Qxd3 Rxd3+ 44.Ke4 Rc3 45.Kd5 Ra3 46.Bh4 Rd3+ 47.Ke6 Kh6 48.Bf6 g5
49.Bxg5+ Kh5 50.Kf5 {#r} 1-0

[Event "It (open)"]
[Site "masterchessopen.com Gora Sw. Anny (Poland)"]
[Date "2010.02.10"]
[Round "4"]
[White "Dobrowolski Piotr (POL)"]
[Black "Zmarzly Aleksandra (POL)"]
[Result "1-0"]
[WhiteElo "2399"]
[BlackElo "2063"]

1.d4 Nf6 2.c4 e6 3.Nc3 Bb4 4.a3 Bxc3+ 5.bxc3 c5 6.e3 O-O 7.Bd3 Nc6 8.Ne2 d6
9.e4 e5 10.O-O Qe7 11.d5 Na5 12.Ng3 Ne8 13.Ra2 g6 14.f4 exf4 15.Bxf4 Ng7
16.Raf2 Bd7 17.Qd2 f6 18.Bh6 b5 19.cxb5 c4 20.Bc2 Bxb5 21.Qd4 Qe5 22.Rxf6 Rxf6
23.Rxf6 Nb3 24.Qxe5 dxe5 25.Nf1 Nc5 26.Ne3 Ba4 27.Bxa4 Nxa4 28.Rc6 Nxc3
29.Rxc4 Nb5 30.Ng4 Nd6 31.Ra4 Nf7 32.Ra6 Ne8 33.Be3 Nfd6 34.Rxa7 Rb8 35.Nh6+
Kh8 36.h3 Rb3 37.Bg5 Nxe4 38.Be7 Rd3 39.Ra8 Kg7 40.Ng4 Kf7 41.Nxe5+ Kxe7
42.Nxd3 Nc7 43.Rh8 Nxd5 44.Rxh7+ Kf6 45.a4 Ng5 46.Rb7 {#r} 1-0

[Event "Memorial Asenova-Ivanova (open)"]
[Site "masterchessopen.com Sofia (Bulgaria)"]
[Date "2010.04.23"]
[Round "5"]
[White "Ipatov Alexander (ESP)"]
[Black "Drenchev Petar (BUL)"]
[Result "0-1"]
[WhiteElo "2521"]
[BlackElo "2508"]

1.d4 Nf6 2.c4 e6 3.Nc3 Bb4 4.e3 c5 5.a3 Bxc3+ 6.bxc3 Nc6 7.Bd3 O-O 8.Ne2 b6
9.Ng3 Ba6 10.e4 Ne8 11.Be3 Na5 12.Qe2 Rc8 13.Rc1 Qh4 14.O-O Nd6 15.e5 Ndxc4
16.Ne4 Nxe3 17.fxe3 Bxd3 18.Qxd3 cxd4 19.Rf3 d5 20.exd6 f5 21.Nd2 Rxc3 22.Rxc3
dxc3 23.Qxc3 Qd8 24.Qe5 Qd7 25.Rg3 Rf7 26.Nf3 Nc4 27.Qd4 Qb5 28.Ng5 e5 29.Qd1
Rd7 30.h4 g6 31.h5 Rxd6 32.Qc1 Qb3 {#R} 0-1

[Event "It \"]
[Site "masterchessopen.com Calimanesti (Romania)"]
[Date "2010.05.04"]
[Round "3"]
[White "Foisor Mihaela-Veronica (ROM)"]
[Black "Fragkou Eleni (GRE)"]
[Result "1-0"]
[WhiteElo "2140"]
[BlackElo "1889"]

1.d4 Nf6 2.c4 e6 3.Nc3 Bb4 4.e3 O-O 5.Bd3 c5 6.a3 Bxc3+ 7.bxc3 Nc6 8.Ne2 b6
9.e4 Ne8 10.O-O Ba6 11.f4 f5 12.d5 Na5 13.e5 d6 14.dxe6 Nc7 15.g4 g6 16.gxf5
gxf5 17.Ng3 Qe8 18.e7 Qxe7 19.Nxf5 Rxf5 20.Bxf5 Kh8 21.Be4 Rg8+ 22.Kh1 Nxc4
23.Rg1 Rxg1+ 24.Qxg1 dxe5 25.f5 Qh4 26.Bc6 Bb5 27.Bf3 h6 28.Ra2 Qf6 29.Rg2 Bc6
30.Bxc6 Qxc6 31.Qf1 b5 32.f6 Ne6 33.f7 Qa8 34.Bxh6 {#r} 1-0

[Event "Ch Poland (team) (juniors) (2 liga)"]
[Site "masterchessopen.com Chelm (Poland)"]
[Date "2010.07.09"]
[Round "5"]
[White "Chmielarz Maciej (POL)"]
[Black "Miszczak Mateusz (POL)"]
[Result "1-0"]
[WhiteElo "1766"]
[BlackElo "1905"]

1.d4 Nf6 2.c4 e6 3.Nc3 Bb4 4.a3 Bxc3+ 5.bxc3 c5 6.e3 O-O 7.Bd3 Nc6 8.Ne2 d6
9.e4 Ne8 10.f4 g6 11.f5 e5 12.d5 Na5 13.O-O g5 14.Rf3 f6 15.Rg3 Ng7 16.h4 h6
17.hxg5 hxg5 18.Rh3 Kf7 19.Ng3 Rh8 20.Nh5 Nxh5 21.Rxh5 b6 22.Qg4 Ba6 23.Bxg5
fxg5 24.Rxg5 Qf8 25.f6 Bc8 26.Rg7+ Ke8 27.Qg6+ Kd8 28.f7 {#r} 1-0

[Event "Memorial Karl Mala (open)"]
[Site "masterchessopen.com Frankfurt (Germany)"]
[Date "2010.07.17"]
[Round "3"]
[White "Uwira Oliver (GER)"]
[Black "Kvetny Mark (GER)"]
[Result "1-0"]
[WhiteElo "2244"]
[BlackElo "1984"]

1.d4 Nf6 2.c4 e6 3.Nc3 Bb4 4.a3 Bxc3+ 5.bxc3 c5 6.e3 Nc6 7.Bd3 O-O 8.Ne2 b6
9.O-O Ba6 10.e4 Ne8 11.f4 Na5 12.f5 Bxc4 13.Bxc4 Nxc4 14.Ng3 cxd4 15.cxd4 f6
16.Rf4 exf5 17.exf5 Ned6 18.Rh4 Qe8 19.Bf4 Ne4 20.Qb3 d5 21.Re1 Qf7 22.Nxe4
dxe4 23.Qh3 Qd5 24.Rxh7 Qxd4+ 25.Kh1 e3 26.Qh5 {#r} 1-0

[Event "Ch Mediterranean (juniors)"]
[Site "masterchessopen.com Chania (Greece)"]
[Date "2010.09.01"]
[Round "2"]
[White "Hatzoudis Gerasimos (GRE)"]
[Black "Kolaric Spela (SLO)"]
[Result "1-0"]
[WhiteElo "1735"]
[BlackElo "2041"]

1.d4 Nf6 2.c4 e6 3.Nc3 Bb4 4.a3 Bxc3+ 5.bxc3 c5 6.e3 O-O 7.Bd3 Nc6 8.Ne2 b6
9.O-O Ba6 10.e4 h6 11.e5 Ne8 12.Be3 Qe7 13.Qa4 Nc7 14.f4 f5 15.Rfd1 cxd4
16.cxd4 Na5 17.Bd2 Nc6 18.Bc3 Qf7 19.Ra2 Rfb8 20.Rb2 Rb7 21.Ng3 Rab8 22.Rdb1
Qe8 23.d5 exd5 24.Nxf5 dxc4 25.Nd6 Qe6 26.Bf5 Qe7 27.Nxb7 Rxb7 28.Rd1 b5
29.Qc2 Ne6 30.Bxe6+ Qxe6 31.Rd6 Qe7 32.Bb4 Nxb4 33.axb4 Rb6 34.Qd2 Rxd6
35.Qxd6 Qxd6 36.exd6 Bb7 37.Kf2 Kf7 38.Re2 Bc6 39.Ke1 Kf6 40.Kd2 Kf5 41.g3 a5
42.bxa5 b4 43.Re5+ Kf6 44.a6 c3+ 45.Kc1 b3 46.Re3 b2+ 47.Kc2 {#r} 1-0

[Event "Ch Europe (juniors) (under 14)"]
[Site "masterchessopen.com Batumi (Georgia)"]
[Date "2010.09.22"]
[Round "3"]
[White "Mirzoev Emil (UKR)"]
[Black "Benidze Gigla (GEO)"]
[Result "0-1"]
[WhiteElo "2109"]
[BlackElo "1918"]

1.d4 Nf6 2.c4 e6 3.Nc3 Bb4 4.e3 c5 5.a3 Bxc3+ 6.bxc3 O-O 7.Bd3 Nc6 8.Ne2 b6
9.O-O d6 10.e4 Ne8 11.f4 Ba6 12.f5 e5 13.f6 Nxf6 14.Bg5 exd4 15.Ng3 Bc8
16.cxd4 Nxd4 17.e5 dxe5 18.Qe1 Ne6 19.Be4 Nxg5 20.Bxa8 Ba6 21.Bc6 Bxc4 22.Rf5
Ne6 23.Rd1 Qc7 24.Rxf6 gxf6 25.Nf5 Rd8 26.Rc1 Bd3 27.Be4 Bxe4 28.Qxe4 Nf4
29.g3 Ng6 30.h4 Qd7 31.h5 Qd3 32.Qg4 Qd2 33.Rf1 Qg5 34.Qf3 Nf4 35.Ne3 Nxh5
36.Kh2 Rd2+ 37.Kh3 e4 38.Qg4 Qxg4+ 39.Kxg4 Ng7 40.Rxf6 Rd3 {#R} 0-1

[Event "Ch Europe (juniors) (under 16) (g)"]
[Site "masterchessopen.com Batumi (Georgia)"]
[Date "2010.09.22"]
[Round "3"]
[White "Foisor Mihaela-Veronica (ROM)"]
[Black "Ivekovic Tihana (CRO)"]
[Result "1-0"]
[WhiteElo "2210"]
[BlackElo "1874"]

1.d4 Nf6 2.c4 e6 3.Nc3 Bb4 4.e3 c5 5.Bd3 O-O 6.a3 Bxc3+ 7.bxc3 Nc6 8.Ne2 b6
9.e4 Ne8 10.O-O Ba6 11.f4 f5 12.d5 exd5 13.cxd5 Bxd3 14.Qxd3 fxe4 15.Qxe4 Nf6
16.Qd3 Na5 17.c4 Re8 18.Ng3 Qe7 19.Bd2 Nb7 20.a4 Nd6 21.Rae1 Qf7 22.Bc3 Rxe1
23.Rxe1 Re8 24.Be5 Qe7 25.Re2 Qf8 26.h3 Nf7 27.Nf5 Nh8 28.Bd6 Qf7 29.Ne7+ Kf8
30.g4 g6 31.Nf5+ {#r} 1-0

[Event "Olympiad (w)"]
[Site "masterchessopen.com Khanty Mansyisk (Russia)"]
[Date "2010.09.30"]
[Round "9"]
[White "Smokina Karolina (MDA)"]
[Black "Giulian Rosemary (SCO)"]
[Result "1-0"]
[WhiteElo "2170"]
[BlackElo "1990"]

1.d4 e6 2.c4 Nf6 3.Nc3 Bb4 4.a3 Bxc3+ 5.bxc3 O-O 6.e3 c5 7.Bd3 Nc6 8.Ne2 b6
9.e4 Ne8 10.O-O Ba6 11.f4 f5 12.exf5 exf5 13.Ng3 g6 14.Be2 Nf6 15.dxc5 bxc5
16.Be3 Qe7 17.Bf2 d6 18.Re1 Qc7 19.Qa4 Na5 20.Bf3 Rae8 21.Rxe8 Rxe8 22.Bd5+
Kg7 23.Nf1 Re2 24.Bf3 Rb2 25.Ne3 Bb7 26.Bxb7 Rxb7 27.Bh4 Ne4 28.g4 Nxc3 29.Qc2
Rb3 30.Be1 Ne4 31.Nd5 Qb7 32.Bxa5 Rb2 33.Bc3+ Nxc3 34.Qxc3+ Kg8 35.Re1 Rb1
36.Qe3 Rxe1+ 37.Qxe1 Kf7 38.g5 Kf8 39.Nf6 Qf7 40.Nd5 Qd7 41.Qa1 {#r} 1-0

[Event "Ch Provincial (preferente)"]
[Site "masterchessopen.com Gandia (Spain)"]
[Date "2010.10.02"]
[Round "1"]
[White "Miquel Badenes Indalecio (ESP)"]
[Black "Navarro Palma Javier (ESP)"]
[Result "0-1"]
[WhiteElo "1942"]
[BlackElo "1763"]

1.d4 Nf6 2.c4 e6 3.Nc3 Bb4 4.a3 Bxc3+ 5.bxc3 c5 6.e3 O-O 7.Bd3 Nc6 8.Ne2 d6
9.O-O e5 10.f3 b6 11.Bb2 Na5 12.Ng3 Ba6 13.Qe2 exd4 14.cxd4 Nb3 15.Rad1 cxd4
16.exd4 Na5 17.Ne4 Re8 18.d5 Nh5 19.Qf2 Bxc4 20.g4 Bxd3 21.Rxd3 Nf4 22.Qd4
Ne2+ {#R} 0-1

[Event "Tournament (Elo)"]
[Site "masterchessopen.com Cienfuegos (Cuba)"]
[Date "2010.11.07"]
[Round "10"]
[White "Olivares Francisco (CUB)"]
[Black "Gongora Liuber (CUB)"]
[Result "0-1"]
[WhiteElo "2283"]
[BlackElo "2288"]

1.d4 Nf6 2.c4 e6 3.Nc3 Bb4 4.e3 c5 5.Bd3 Nc6 6.a3 Bxc3+ 7.bxc3 O-O 8.Ne2 b6
9.e4 Ne8 10.Be3 d6 11.O-O Qd7 12.f4 f5 13.h3 Na5 14.Ng3 Ba6 15.Qe2 g6 16.Rad1
Rc8 17.dxc5 bxc5 18.e5 Qc7 19.Bf2 Rd8 20.Rfe1 Ng7 21.Nf1 Nh5 22.Bh4 Nxf4
23.Qe3 dxe5 24.Bxd8 Rxd8 25.Ng3 Bxc4 26.Bxc4 Nxc4 27.Rxd8+ Qxd8 28.Qxc5 Qd2
29.Qc8+ Kg7 30.Qb7+ Kh6 31.Rf1 e4 32.Rxf4 Qxf4 33.Ne2 Qd2 34.Qe7 Qxe2 35.g4
Qd1+ 36.Kh2 Qd6+ {#R} 0-1

[Event "It \"]
[Site "masterchessopen.com Kislovodsk (Russia)"]
[Date "2010.12.12"]
[Round "2"]
[White "Keren Nahum"]
[Black "Andriasian Siranush (ARM)"]
[Result "0-1"]
[WhiteElo "2245"]
[BlackElo "2214"]

1.d4 Nf6 2.c4 e6 3.Nc3 Bb4 4.e3 O-O 5.a3 Bxc3+ 6.bxc3 c5 7.Bd3 Nc6 8.Ne2 b6
9.e4 Ne8 10.Be3 d6 11.O-O Ba6 12.Ng3 Na5 13.Qe2 Qd7 14.e5 f5 15.exf6 Nxf6
16.f4 Rac8 17.Rae1 Rce8 18.f5 e5 19.dxe5 dxe5 20.Rd1 Qc6 21.Nh5 e4 22.Nxf6+
Qxf6 23.Qg4 exd3 24.Bg5 Qxc3 25.Kh1 Qxc4 26.Qg3 Qf7 27.f6 Re2 28.Rf3 g6 29.Qh4
Rfe8 30.h3 c4 31.Bd2 Bb7 32.Rg3 Nb3 33.Bc3 d2 34.Rg4 {#R} 0-1

[Event "Ch Europe (active)"]
[Site "masterchessopen.com Warsaw (Poland)"]
[Date "2010.12.18"]
[Round "1"]
[White "Chmielarz Maciej (POL)"]
[Black "Maiorov Nikita (BLR)"]
[Result "0-1"]
[WhiteElo "1766"]
[BlackElo "2546"]

1.d4 Nf6 2.c4 e6 3.Nc3 Bb4 4.a3 Bxc3+ 5.bxc3 c5 6.e3 Nc6 7.Bd3 O-O 8.Ne2 b6
9.e4 Ne8 10.e5 Ba6 11.Ng3 Na5 12.Qh5 f5 13.exf6 Nxf6 14.Qe2 Qc7 15.Ne4 Bb7
16.Nxf6+ Rxf6 17.Bg5 Rf7 18.O-O cxd4 19.cxd4 Qc6 20.f3 Rc8 21.Rac1 Qd6 22.d5
Nb3 23.Bxh7+ Kxh7 24.Qc2+ Rf5 25.g4 Nd4 26.Qd3 Qe5 27.gxf5 Ne2+ 28.Kh1 Nxc1
29.Bxc1 Qxf5 30.Qd4 e5 31.Qh4+ Kg8 32.Qg3 Kf7 33.Rg1 Rg8 34.Re1 d6 35.Rg1 b5
36.Bh6 bxc4 37.Bxg7 Bxd5 38.Rf1 Rxg7 39.Qf2 Ke6 40.Qe3 Rf7 41.Qh6+ Rf6 42.Qh8
Bxf3+ 43.Kg1 Qg5+ 44.Kf2 Bh5+ 45.Ke1 Qe3# 0-1

[Event "Memorial Antonio Rocha (cat.8)"]
[Site "masterchessopen.com Campinas (Brazil)"]
[Date "2011.01.15"]
[Round "3"]
[White "Santos Marcus Vinicius Moreira (BRA)"]
[Black "Leitao Rafael (BRA)"]
[Result "0-1"]
[WhiteElo "2341"]
[BlackElo "2622"]

1.d4 Nf6 2.c4 e6 3.Nc3 Bb4 4.a3 Bxc3+ 5.bxc3 O-O 6.e3 c5 7.Bd3 Nc6 8.Ne2 b6
9.e4 Ne8 10.e5 Ba6 11.Qc2 h6 12.g4 d6 13.Bf4 cxd4 14.exd6 e5 15.Bg3 Nxd6
16.O-O Re8 17.f3 Nxc4 {#R} 0-1

[Event "Tournament (open)"]
[Site "masterchessopen.com Vilafranca del Penedes (Spain)"]
[Date "2011.05.27"]
[Round "7"]
[White "Avila Jimenez Javier (ESP)"]
[Black "Rojas Keim Luis (CHI)"]
[Result "0-1"]
[WhiteElo "2279"]
[BlackElo "2357"]

1.d4 Nf6 2.c4 e6 3.Nc3 Bb4 4.a3 Bxc3+ 5.bxc3 c5 6.e3 Nc6 7.Bd3 O-O 8.Ne2 b6
9.e4 Ne8 10.O-O Ba6 11.f4 Na5 12.Ng3 Bxc4 13.Bxc4 Nxc4 14.f5 cxd4 15.cxd4 f6
16.Qg4 e5 17.dxe5 Nxe5 18.Qe2 Nd6 19.Bb2 Ndc4 20.Bd4 Qe7 21.Nh5 Qf7 22.Nf4 Nc6
23.Bc3 Rfe8 24.Rfd1 Rac8 25.Rd3 N4e5 26.Rg3 Qf8 27.Nh5 Re7 28.Rc1 Rf7 29.Qa6
Re8 30.Bd2 Qd6 31.Bh6 g6 32.Qe2 Kh8 33.Rd1 Qc5+ 34.Be3 Qc4 35.Qxc4 Nxc4
36.fxg6 hxg6 37.Nf4 g5 38.Nd5 Rxe4 39.Rf1 Kg7 40.Bc1 Nd4 41.Kh1 Ne2 42.Rd3 Ne5
43.Re3 Rxe3 44.Bxe3 Ng4 45.Bd2 Kg6 46.h3 Ng3+ {#R} 0-1

[Event "Memorial Karen Asrian (open)"]
[Site "masterchessopen.com Jermuk (Armenia)"]
[Date "2011.06.24"]
[Round "9"]
[White "Manukyan Sargis A (ARM)"]
[Black "Abrahamyan Tatev (USA)"]
[Result "1-0"]
[WhiteElo "2102"]
[BlackElo "2289"]

1.d4 Nf6 2.c4 e6 3.Nc3 Bb4 4.a3 Bxc3+ 5.bxc3 O-O 6.e3 c5 7.Bd3 Nc6 8.Ne2 d6
9.O-O e5 10.f3 b6 11.e4 h6 12.d5 Na5 13.Ng3 Nh7 14.f4 Qe7 15.f5 f6 16.Nh5 Ba6
17.g4 Bxc4 18.Bxc4 Nxc4 19.h4 b5 20.Ra2 Nb6 21.Rg2 Nd7 22.Rf3 Kh8 23.Rfg3 Rg8
24.g5 fxg5 25.hxg5 g6 26.Nf6 Ndxf6 27.gxf6 Nxf6 28.Bxh6 Qh7 29.Rh2 Nxe4 30.Bg5
Qxh2+ 31.Kxh2 Nxg3 32.Kxg3 {#r} 1-0

[Event "Tournament \"]
[Site "masterchessopen.com Registro (Brazil)"]
[Round "3"]
[White "Feliciano Vanessa (BRA)"]
[Black "Guimaraes Artemis Pamela (BRA)"]
[Result "0-1"]
[WhiteElo "2173"]
[BlackElo "2016"]

1.d4 Nf6 2.c4 e6 3.Nc3 Bb4 4.e3 c5 5.a3 Bxc3+ 6.bxc3 Nc6 7.Bd3 O-O 8.Ne2 b6
9.e4 Ne8 10.O-O Ba6 11.f4 f5 12.d5 exd5 13.cxd5 Bxd3 14.Qxd3 fxe4 15.Qxe4 Nd6
16.Qc2 Na5 17.Ng3 Qf6 18.f5 Nac4 19.Bf4 b5 20.Rae1 Rae8 21.Rxe8 Rxe8 22.Qd3
Nb2 23.Qf3 Nbc4 24.Nh5 Qxf5 25.Nxg7 Kxg7 26.Qg3+ Qg6 27.Qh4 Nf5 28.Qh3 Kh8
29.Bc1 Ncd6 30.Bf4 Nf7 31.Bc7 N7h6 32.Qf3 Re3 33.Qf4 Re2 34.Qf3 Qe8 35.Bf4 Qe4
36.Qh5 Qxg2# 0-1

[Event "Ch France"]
[Site "masterchessopen.com Caen (France)"]
[Date "2011.08.25"]
[Round "11"]
[White "Feller Sebastien (FRA)"]
[Black "Shchekachev Andrei (FRA)"]
[Result "1-0"]
[WhiteElo "2666"]
[BlackElo "2537"]

1.d4 Nf6 2.c4 e6 3.Nc3 Bb4 4.e3 O-O 5.a3 Bxc3+ 6.bxc3 c5 7.Bd3 Nc6 8.Ne2 d6
9.e4 e5 10.d5 Ne7 11.f3 Ng6 12.g4 Ne8 13.Ng3 Bd7 14.a4 b6 15.Ra2 Qh4 16.Be3
Nf4 17.Bf1 h5 18.gxh5 Nxh5 19.Bf2 Nf4 20.Rg1 Qh7 21.Be3 Nf6 22.Qc1 Nh3 23.Bxh3
Bxh3 24.Bg5 Kh8 {#r} 1-0

[Event "Ch Europe (juniors) (under 18)"]
[Site "masterchessopen.com Albena (Bulgaria)"]
[Date "2011.09.13"]
[Round "3"]
[White "Urkedal Frode (NOR)"]
[Black "Ochsner Bjorn Moller (DEN)"]
[Result "1-0"]
[WhiteElo "2448"]
[BlackElo "2258"]

1.d4 Nf6 2.c4 e6 3.Nc3 Bb4 4.e3 c5 5.a3 Bxc3+ 6.bxc3 O-O 7.Bd3 Nc6 8.Ne2 b6
9.e4 Ne8 10.O-O Ba6 11.Qa4 Na5 12.dxc5 Rc8 13.Be3 bxc5 14.e5 Qc7 15.Rfd1 Bb7
16.Bb1 Bc6 17.Qc2 f5 18.exf6 Nxf6 19.Ng3 Qe5 20.Qd3 Ba4 21.Re1 Bb3 22.Bd2 Qc7
23.Nh5 g6 24.Bf4 Qc6 25.Nxf6+ Rxf6 26.Be5 Rff8 27.Qg3 Rf7 28.Be4 d5 29.cxd5
Bxd5 30.f3 Nc4 31.h4 Nd2 32.Bxg6 hxg6 33.Qxg6+ Kf8 34.Qh6+ Ke7 35.Qg5+ Kd7
36.Qxd2 Qa6 37.Re4 Kc6 38.Rg4 Rf5 39.Bg3 Qb5 40.c4 Bxc4 41.a4 Qa6 42.Qd6+ Kb7
43.Rb1+ {#r} 1-0

[Event "Ch World (juniors) (under 12) (g)"]
[Site "masterchessopen.com Caldas Novas (Brazil)"]
[Date "2011.11.19"]
[Round "2"]
[White "Zhou Qiyu"]
[Black "Furtado Ivana Maria"]
[Result "1-0"]
[WhiteElo "1726"]
[BlackElo "2092"]

1.d4 Nf6 2.c4 e6 3.Nc3 Bb4 4.a3 Bxc3+ 5.bxc3 c5 6.e3 O-O 7.Bd3 Nc6 8.Ne2 e5
9.f3 cxd4 10.cxd4 d5 11.O-O e4 12.fxe4 dxe4 13.Bc2 Na5 14.Ng3 Nxc4 15.Nxe4
Nxe4 16.Bxe4 f5 17.Bd3 Nd6 18.Qb3+ Kh8 19.Bd2 Rf6 20.Rac1 b6 21.d5 Nb7 22.Bc3
Rf7 23.Bd4 Na5 24.Qa2 Bb7 25.d6 Rd7 26.Rxf5 Qg8 27.Qb2 Nb3 28.Bc4 Nxd4 29.Bxg8
Nxf5 30.Be6 Rxd6 31.Bxf5 Rad8 32.Bh3 Rd3 33.Qe5 Rf8 34.Qe7 {#r} 1-0

[Event "It (open)"]
[Site "masterchessopen.com Bosnjaci (Croatia)"]
[Date "2012.01.06"]
[Round "6"]
[White "Matanovic Zlatko (CRO)"]
[Black "Kovacevic Blazimir (CRO)"]
[Result "0-1"]
[WhiteElo "2035"]
[BlackElo "2449"]

1.d4 Nf6 2.c4 e6 3.Nc3 Bb4 4.a3 Bxc3+ 5.bxc3 O-O 6.e3 c5 7.Bd3 Nc6 8.Nf3 d6
9.O-O e5 10.Qc2 h6 11.d5 Ne7 12.e4 Ng6 13.h3 Nh5 14.Kh2 Nhf4 15.Bxf4 Nxf4
16.Rab1 b6 17.Qd2 f5 18.exf5 Nxd3 19.Qxd3 Bxf5 20.Qe3 Bxb1 21.Rxb1 Qf6 22.Kg1
Qg6 23.Rc1 a6 24.a4 Qe8 25.Ra1 b5 26.axb5 axb5 27.Rxa8 Qxa8 28.cxb5 Qxd5
29.Nd2 c4 30.b6 Rb8 31.Ne4 Qd1+ 32.Kh2 Qd3 33.b7 Rxb7 {#R} 0-1

[Event "Cup Armen Norouz"]
[Site "masterchessopen.com Esfahan (Iran)"]
[Date "2012.03.28"]
[Round "7"]
[White "Nadimifar Adnan"]
[Black "Rezaei Kheirabadi Changiz"]
[Result "1-0"]
[WhiteElo "2172"]
[BlackElo "2071"]

1.d4 Nf6 2.c4 e6 3.Nc3 Bb4 4.e3 c5 5.Bd3 O-O 6.a3 Bxc3+ 7.bxc3 Nc6 8.Ne2 b6
9.e4 d6 10.Bg5 Ba6 11.f4 h6 12.Bh4 e5 13.O-O exd4 14.cxd4 cxd4 15.Ng3 g5
16.fxg5 Nh7 17.Nh5 hxg5 18.Nf6+ Nxf6 19.Bxg5 Kg7 20.Qf3 Nh7 21.Bxd8 Raxd8
22.Qg3+ Kh8 23.e5 Nxe5 24.Bxh7 Kxh7 25.Qh4+ Kg8 26.Qxd4 Bxc4 27.Rf5 Bd3 28.Rf6
Bg6 29.Rxd6 Rde8 30.Rf1 Re7 31.h3 {#r} 1-0

[Event "It \"]
[Site "masterchessopen.com Kecskemet (Hungary)"]
[Date "2012.05.19"]
[Round "1"]
[White "Wang Doudou (CHN)"]
[Black "Kojima Shinya (JPN)"]
[Result "0-1"]
[WhiteElo "2186"]
[BlackElo "2264"]

1.d4 Nf6 2.c4 e6 3.Nc3 Bb4 4.a3 Bxc3+ 5.bxc3 c5 6.e3 O-O 7.Bd3 Nc6 8.Ne2 b6
9.O-O Ba6 10.e4 Ne8 11.Be3 d6 12.Ng3 Na5 13.Qe2 Rc8 14.Rac1 Qd7 15.e5 f5
16.exf6 Nxf6 17.dxc5 bxc5 18.Nh5 Qf7 19.Nxf6+ Qxf6 20.Rfd1 Rb8 21.Qc2 Nxc4
22.Bxc4 Bxc4 23.Rxd6 Rb3 24.Bxc5 Rfb8 25.Be3 Rxa3 26.Rd7 a5 27.h3 a4 28.Qe4
Bd5 29.Qd4 Qg6 30.g4 h5 31.Qe5 Rf8 32.Bc5 hxg4 33.Bxa3 gxh3+ 34.Qg3 h2+
35.Kxh2 Qh5+ 36.Qh3 Rxf2+ 37.Kg1 Qxh3 38.Kxf2 Qf3+ 39.Ke1 Qe3+ 40.Kf1 Qf3+
41.Ke1 Bc4 42.Rc2 Qe3+ 43.Kd1 Bb3 44.Rd2 Qxc3 {#R} 0-1

[Event "It (open)"]
[Site "masterchessopen.com Cartagena (Colombia)"]
[Date "2012.06.14"]
[Round "1"]
[White "Echeverry Maria Yesenia (COL)"]
[Black "Lopez Carlos Manuel (COL)"]
[Result "0-1"]
[WhiteElo "1880"]
[BlackElo "2302"]

1.d4 Nf6 2.c4 e6 3.Nc3 Bb4 4.a3 Bxc3+ 5.bxc3 c5 6.e3 O-O 7.Bd3 Nc6 8.f3 b6
9.Nh3 Ba6 10.Bb2 Na5 11.Qe2 Rc8 12.Rc1 Ne8 13.f4 Qh4+ 14.Nf2 Nd6 15.g3 Qe7
16.e4 Ndxc4 17.O-O b5 18.e5 Nxb2 19.Qxb2 d5 20.f5 exf5 21.Bxf5 Rc6 22.Bd3 cxd4
23.cxd4 Nc4 24.Qa2 Rfc8 25.Ra1 Qg5 26.Rfd1 h5 27.Qe2 h4 28.Nh3 Qe3+ 29.Qxe3
Nxe3 30.Re1 Nc2 31.Bxc2 Rxc2 32.Nf4 hxg3 33.hxg3 R8c3 {#R} 0-1

[Event "It (open)"]
[Site "masterchessopen.com Paington (England)"]
[Date "2012.09.02"]
[Round "1"]
[White "Cutmore Martin J (ENG)"]
[Black "Mackle Dominic (ENG)"]
[Result "1-0"]
[WhiteElo "2044"]
[BlackElo "2130"]

1.d4 Nf6 2.c4 e6 3.Nc3 Bb4 4.a3 Bxc3+ 5.bxc3 c5 6.e3 Nc6 7.Bd3 O-O 8.Ne2 b6
9.e4 Ne8 10.O-O Ba6 11.Ng3 g6 12.e5 cxd4 13.cxd4 Nxd4 14.Bb2 Nc6 15.f4 Na5
16.Rc1 Rc8 17.Qe2 Nb3 18.Rcd1 Nc5 19.Bc2 f5 20.exf6 Nxf6 21.f5 exf5 22.Bxf5
gxf5 23.Nxf5 Ne6 24.Nh6+ Kh8 25.Rxf6 Rxf6 26.Nf7+ Kg8 27.Nxd8 Rxd8 28.Rf1 Rdf8
29.Qg4+ {#r} 1-0